000 00718nam a22002057a 4500
008 160526b xxu||||| |||| 00| 0 eng d
020 _a9812445013
082 _22002
_aDC 519.5
_bB46b
100 _99238
_aBerenson, Mark L.
245 _aBasic business statistics:
_bconcepts and applications/
_cMark L. Berenson, David M. Levine and Timothy C. Krehbiel.
250 _a8th Edition
260 _aUpper Saddle River, New Jersey:
_bPrentice Hall,
_cc2002.
300 _axx, 851 pages:
_billustrations;
_c23 cm.
500 _aIncludes index.
650 0 _99242
_aStatistics
700 _99243
_aLevine, David M.
_eAuthor
700 _99244
_aKrehbiel, Timothy C.
_eAuthor
365 _b595.00
_cPhp
942 _2ddc
_cDC
999 _c2790
_d2790